| 000 | 01017nam a2200241 a 4500 | ||
|---|---|---|---|
| 001 | 40153 | ||
| 003 | BD-RjUL | ||
| 005 | 20211209053140.0 | ||
| 008 | 160423s1998 ii |||| |||| 001 0 ben d | ||
| 020 |
_a818547155X _c: IRs. 80.00 |
||
| 035 | _a(BD-RjUL)40268 | ||
| 040 |
_aBD-RjUL _bben _cBD-RjUL |
||
| 041 | _aben | ||
| 082 |
_223 _a891.4409 _bBOK 1998 |
||
| 100 |
_aবন্দোপাধ্যায়, দেবীপ্রসাদ _9123626 |
||
| 245 | 1 | 0 |
_aকাব্যের মুক্তি ও তার পর / _cদেবীপ্রসাদ বন্দোপাধ্যায় |
| 260 |
_aকলকাতা : _bপুস্তুক বিপণি, _c১৯৯৮ |
||
| 300 |
_a২১৬ প্রৃ. ; _c২৪ সেমি. |
||
| 500 | _aনির্দেশিকা সংযুক্ত | ||
| 650 |
_aবাংলা সাহিত্য _xইতিহাস ও সমালোচনা _9118060 |
||
| 650 |
_aBengali Literature _xHistory and Criticism _9117020 |
||
| 942 |
_2ddc _cBK |
||
| 999 |
_c40153 _d40153 |
||